Les cartes du mode multijoueur de Call Of Duty MW3 (2011) - Statistiques

Statistiques générales
  • Ce quiz a été pris 167 fois
  • Le résultat moyen est 10 sur 19
Statistiques - réponses
Lieu Réponse % Correct
Paris, France Resistance
92%
Somalie Dome
88%
Moscou, Russie Terminal
76%
Londres, Royaume-Uni Underground
69%
Sierra Leone Village
61%
Sierra Leone Mission
56%
Berlin, Allemagne Arkaden
54%
New York City, Etats-Unis Hardhat
54%
Bangkok, Thaïlande Bootleg
51%
Essaouira, Maroc Seatown
47%
Prague, République Tchèque Lockdown
46%
New York City, Etats-Unis Downturn
39%
Sibérie, Russie Outpost
39%
Bosaso, Somalie Carbon
38%
Mogadiscio, Somalie Bakaara
36%
Pripyat, Ukraine Fallen
35%
New Jersey, Etats-Unis Interchange
35%
Naples, Italie Erosion
31%
Irlande Aground
20%
Aucun quiz correspondant
Distribution des résultats
% des personnes avec chaque résultat
Percentile par nombre de réponses
Votre historique - résultats
Vous n’avez pas pris ce quiz